Lanean...
Chirasmarana
| Egile nagusia: | |
|---|---|
| Formatua: | Printed Book |
| Hizkuntza: | Malayalam |
| Argitaratua: |
Prabhath Bookhouse, Trivandrum
Prabhath Bookhouse, Trivandrum
1985
|
| LEADER | 00470nam a2200121Ia 4500 | ||
|---|---|---|---|
| 008 | 111205s9999 xx 000 0 mal d | ||
| 100 | |a Niranjana - Viva. Raghavan ,C. | ||
| 245 | |a Chirasmarana |c Niranjana - Viva. Raghavan ,C. | ||
| 260 | |b Prabhath Bookhouse, Trivandrum |a Prabhath Bookhouse, Trivandrum |c 1985 | ||
| 300 | |a 328 | ||
| 942 | |c BK | ||
| 999 | |c 219456 |d 219456 | ||
| 952 | |0 0 |1 0 |4 0 |7 0 |9 242438 |a MAL |b MAL |c ST1 |d 2011-12-05 |g 25.00 |j 127 |l 0 |p MAL19785 |r 2015-04-13 |v 25.00 |w 2015-04-13 |y BK |k 1.00 | ||